Normal view
MARC view
- MITCHELL, KENNETH B
Entry Personal Name
001 - CONTROL NUMBER
- control field: 73358
003 - CONTROL NUMBER IDENTIFIER
- control field: NUST
005 - DATE AND TIME OF LATEST TRANSACTION
- control field: 20210628205015.0
008 - FIXED-LENGTH DATA ELEMENTS
- fixed length control field: 210628|| aca||aabn | a|a d
040 ## - CATALOGING SOURCE
- Original cataloging agency: NUST
- Transcribing agency: NUST
100 ## - HEADING--PERSONAL NAME
- Personal name: MITCHELL, KENNETH B
670 ## - SOURCE DATA FOUND
- Source citation: Work cat.: (NUST): MITCHELL, KENNETH B, COST ACCOUNTING AND THE ENGINEER, 1954
